<?xml version="1.0" encoding="UTF-8"?>
<marc:record xmlns:marc="http://www.loc.gov/MARC21/slim">
   <marc:leader>00000nam a2200000 a 4500</marc:leader>
   <marc:datafield ind1="1" ind2=" " tag="100">
      <marc:subfield code="a">Aubry, Émilie</marc:subfield>
      <marc:subfield code="4">aut</marc:subfield>
      <marc:subfield code="e">Verfasser/-in</marc:subfield>
   </marc:datafield>
   <marc:datafield ind1="1" ind2=" " tag="100">
      <marc:subfield code="a">Tétart, Frank</marc:subfield>
      <marc:subfield code="4">aut</marc:subfield>
      <marc:subfield code="e">Verfasser/-in</marc:subfield>
   </marc:datafield>
   <marc:datafield ind1=" " ind2=" " tag="653">
      <marc:subfield code="a">Weltpolitik</marc:subfield>
   </marc:datafield>
   <marc:datafield ind1=" " ind2=" " tag="653">
      <marc:subfield code="a">Geopolitik</marc:subfield>
   </marc:datafield>
   <marc:datafield ind1=" " ind2=" " tag="653">
      <marc:subfield code="a">Atlas</marc:subfield>
   </marc:datafield>
   <marc:datafield ind1="0" ind2="0" tag="245">
      <marc:subfield code="a">Die Welt der Gegenwart</marc:subfield>
   </marc:datafield>
   <marc:datafield ind1="0" ind2="0" tag="245">
      <marc:subfield code="b">ein geopolitischer Atlas : von den Machern der arte-Sendung mit offenen Karten</marc:subfield>
   </marc:datafield>
   <marc:datafield ind1="0" ind2="0" tag="245">
      <marc:subfield code="c">Aubry, Émilie</marc:subfield>
   </marc:datafield>
   <marc:datafield ind1=" " ind2="1" tag="264">
      <marc:subfield code="a">München</marc:subfield>
      <marc:subfield code="b">C.H. Beck</marc:subfield>
      <marc:subfield code="c">2024</marc:subfield>
   </marc:datafield>
   <marc:datafield ind1="1" ind2=" " tag="520">
      <marc:subfield code="a">UNSERE WELT IN KARTEN: EINE EINFÜHRUNG IN DIE KONFLIKTE DER GEGENWART &#xD;
&#xD;
Vom Ukrainekrieg über den Nahostkonflikt bis zur Krise in der Sahelzone, von der Grenzfrage und der gesellschaftlichen Spaltung in den USA bis zu Chinas Griff nach der Vorherrschaft im Indopazifik – die Macher der ARTE-Erfolgssendung „Mit offenen Karten“ Émilie Aubry und Frank Tétart führen uns in ihrem einzigartigen Atlas überall dorthin, wo im 21. Jahrhundert die entscheidenden Konflikte über Land, Ressourcen und die Zukunft der Demokratie stattfinden. Sie durchstreifen die Kontinente und berichten von den wichtigsten geopolitischen Umwälzungen der Gegenwart.&#xD;
&#xD;
Die Rückkehr des Krieges in Europa und im Nahen Osten hat gezeigt: Geopolitik geht uns alle an. Was heute an einem bestimmten Ort der Welt passiert, kann der Rest nicht mehr ignorieren – ob mit Blick auf den gesellschaftlichen Zusammenhalt, das Klima, die Gesundheit, die Energieversorgung, die Ernährung oder die Verteidigung. Autoritäre Mächte wie China, Russland oder Iran zeigen ihre Feindseligkeit gegenüber westlichen Demokratien immer offener, die Gefahren regionaler Flächenbrände nehmen genauso zu wie die Wahrscheinlichkeit eines großen Konflikts von globalen Ausmaßen. Wo liegen die wichtigsten Krisenherde der Welt? Dieser einzigartige Atlas klärt auf anschauliche und prägnante Weise auf. &#xD;
&#xD;
Für alle, die sich in der neuen Weltunordnung zurechtfinden wollen Ukrainekrieg, Flächenbrand im Nahen Osten und Klimakollaps in der Sahelzone – die Welt verstehen in 28 Brennpunkten  &#xD;
Mit anschaulichen Bildern, zahlreichen Grafiken und über 120 Karten</marc:subfield>
   </marc:datafield>
   <marc:datafield ind1=" " ind2=" " tag="020">
      <marc:subfield code="a">9783406814044</marc:subfield>
      <marc:subfield code="9">9783406814044</marc:subfield>
   </marc:datafield>
   <marc:datafield ind1=" " ind2=" " tag="041">
      <marc:subfield code="a">ger</marc:subfield>
   </marc:datafield>
   <marc:datafield ind1=" " ind2=" " tag="300">
      <marc:subfield code="b">Illustrationen, Karten</marc:subfield>
   </marc:datafield>
   <marc:datafield ind1=" " ind2=" " tag="300">
      <marc:subfield code="a">223 Seiten</marc:subfield>
   </marc:datafield>
</marc:record>
